000 00334nam a2200133Ia 4500
005 20260328104344.0
008 260328s9999||||xx |||||||||||||| ||und||
100 _aRoberts, Sam
245 2 _aA History of New York in 101 objects /
_cSam Roberts
260 _bSimon & Schuster
300 _a308 p.
650 _aOBJETOS
942 _cBK
999 _c12251
_d12251